000 00308nam a2200133Ia 4500
008 240624s9999 xx 000 0 und d
041 _aeng
082 _a823 GRI
100 _aGRISHAM JOHN
245 _aTHEODORE BOONE KID LAWYER
260 _c2011
_aNew York
_bPuffin
300 _a272 : p.
365 _c
_b25
999 _c18329
_d18329